header

Protecting the polar marine environment (Record no. 7770)

MARC details
000 -LEADER
fixed length control field 01295nam a22003014a 4500
001 - CONTROL NUMBER
control field ebr10023378
003 - CONTROL NUMBER IDENTIFIER
control field CaPaEBR
006 - FIXED-LENGTH DATA ELEMENTS--ADDITIONAL MATERIAL CHARACTERISTICS--GENERAL INFORMATION
fixed length control field m u
007 - PHYSICAL DESCRIPTION FIXED FIELD--GENERAL INFORMATION
fixed length control field cr cn|||||||||
008 - FIXED-LENGTH DATA ELEMENTS--GENERAL INFORMATION
fixed length control field 000209s2000 enka sb 001 0 eng
010 ## - LIBRARY OF CONGRESS CONTROL NUMBER
Canceled/invalid LC control number 00023021
020 ## - INTERNATIONAL STANDARD BOOK NUMBER
Cancelled/invalid ISBN 0521663113
040 ## - CATALOGING SOURCE
Original cataloging agency CaPaEBR
Transcribing agency CaPaEBR
035 ## - SYSTEM CONTROL NUMBER
System control number (OCoLC)232161630
050 14 - LIBRARY OF CONGRESS CALL NUMBER
Classification number K3592.72
Item number .P76 2000eb
082 04 - DEWEY DECIMAL CLASSIFICATION NUMBER
Classification number 344/.046343/0911
Edition number 21
245 00 - TITLE STATEMENT
Title Protecting the polar marine environment
Medium [electronic resource] :
Remainder of title law and policy for pollution prevention /
Statement of responsibility, etc edited by Davor Vidas.
260 ## - PUBLICATION, DISTRIBUTION, ETC. (IMPRINT)
Place of publication, distribution, etc Cambridge [England] :
-- New York :
Name of publisher, distributor, etc Cambridge University Press,
Date of publication, distribution, etc 2000.
300 ## - PHYSICAL DESCRIPTION
Extent xxi, 276 p. :
Other physical details ill.
504 ## - BIBLIOGRAPHY, ETC. NOTE
Bibliography, etc Includes bibliographical references and indexes.
533 ## - REPRODUCTION NOTE
Type of reproduction Electronic reproduction.
Place of reproduction Palo Alto, Calif. :
Agency responsible for reproduction ebrary,
Date of reproduction 2013.
Note about reproduction Available via World Wide Web.
-- Access may be limited to ebrary affiliated libraries.
650 #0 - SUBJECT ADDED ENTRY--TOPICAL TERM
Topical term or geographic name as entry element Marine pollution
General subdivision Law and legislation
Geographic subdivision Polar Regions.
Topical term or geographic name as entry element Marine resources conservation
General subdivision Law and legislation
Geographic subdivision Polar Regions.
655 #7 - INDEX TERM--GENRE/FORM
Genre/form data or focus term Electronic books.
Source of term local
700 1# - ADDED ENTRY--PERSONAL NAME
Personal name Vidas, Davor.
710 2# - ADDED ENTRY--CORPORATE NAME
Corporate name or jurisdiction name as entry element ebrary, Inc.
856 40 - ELECTRONIC LOCATION AND ACCESS
Uniform Resource Identifier <a href="http://site.ebrary.com/lib/rucke/Doc?id=10023378">http://site.ebrary.com/lib/rucke/Doc?id=10023378</a>
Public note An electronic book accessible through the World Wide Web; click to view

No items available.

© 2026 Rongo University
Contact us: librarian | system librarian | Rongo university